000 01752cam a22004457a 4500
003 CHAP
005 20220817043936.0
008 040526s2004 mx ad r 00010 spa d
010 _a88340
011 _a89312
035 _a99863
040 _cCHAP
090 _aTesis
100 0 0 _aOcampo López, Samuel.
_982606
245 1 0 _aComportamiento de comunidades nematológicas asociadas a los cultivos de maíz y jitomate durante los ciclos 2001-2002 en Chapingo, México
_c/por Samuel Ocampo López
260 _aChapingo, Méx. :
_bEl autor,
_c2004
300 _a63 h. :
_bilus. ; gráfs. ; cuadros
502 _aTesis (Ing. Agr. Esp. en Parasitología Agrícola) -- UACH. Departamento de Parasitología Agrícola
530 _aTambién disponible en línea
590 _aALEPH
_b10
_c20130110
_lUCH01
_h1457
590 _aBATCH-UPD
_b10
_c20130110
_lUCH01
_h0755
590 _aBATCH-UPD
_b10
_c20130410
_lUCH01
_h0435
590 _aBATCH-UPD
_b10
_c20130914
_lUCH01
_h1755
590 _aBATCH-UPD
_b10
_c20140324
_lUCH01
_h1444
590 _aBATCH-UPD
_b10
_c20141002
_lUCH01
_h0821
590 _aCONVERSION
_b10
_c20130109
_lUCH01
_h1349
650 1 4 _aMaíz
_xPlagas.
_971034
650 1 4 _aNemátodos parásitos de plantas.
650 1 4 _aNemátodos.
_980819
650 1 4 _aRotación de cultivos.
_9100243
650 1 4 _aTemperatura
_xEfecto en maíz.
_9112208
650 1 4 _aTemperatura
_xEfecto en tomate.
_9112226
650 1 4 _aTomate
_xPlagas.
_9113748
856 _3Finding aid
_uhttp://10.13.5.2/tesis/99863.pdf
_zTeclea aqui
901 _aBK
905 _aMarco A. Mendoza T.
942 _cFOLL
949 _aTesis
_bBC
_cTES
_d33724000909826
_eTS2
_fc.2
_gDonaciØn
_h41854
_i99863
_sb
949 _aTesis
_bBC
_cTES
_d998631
_eTS1
_gDonaciØn
_h41853
_i99863
_sb
999 _c88340
_d88340